000 00252nam a2200097Ia 4500
082 _aAF GOUW
245 0 _aVerbeelde liefde
100 _a GOUWS, Zoe Kaapstad, 2003 1ste uitg
_992666
942 _cBK
008 210817s9999 xx 000 0 und d
999 _c378158
_d378157